Panama History Quiz 2025 - Statistics

General Stats
  • This quiz has been taken 11 times
  • The average score is 7 of 15
Answer Stats
Hint Answer % Correct
Did Panama ever fight a civil war? No
100%
Is there McDonalds in Panama Yes
82%
Number of provinces 10
73%
Former territory of Colombia
73%
Biggest enemy Colombia
73%
Form of government Republic
73%
# of politocal parties 3
64%
Capital Panama City
64%
Year founded 1903
36%
# of presidents 34
18%
Independence day November 28
18%
Currency Panamanian balboa
18%
President Jose Mulino
9%
First leader Manuel Amador Guerrero
9%
Closest ally Germany
0%
No matching quizzes found
Score Distribution
Percent of People with Each Score
Percentile by Number Answered
Your Score History
You have not taken this quiz